[Event "Titled Tuesday intern op 24th Aug"]
[Site "Chess.com INT"]
[Date "2021.08.24"]
[Round "1"]
[White "Biletskiy, Danylo"]
[Black "Gorozhankina, Julia"]
[Result "1-0"]
[WhiteElo "2067"]
[BlackElo "2007"]
[PlyCount "77"]
[EventDate "2021.08.24"]
[EventType "swiss (blitz)"]
[EventRounds "11"]
[EventCountry "USA"]
[SourceTitle "EXT 2022"]
[Source "ChessBase"]
[SourceDate "2021.10.06"]
[SourceVersion "1"]
[SourceVersionDate "2021.10.06"]
[SourceQuality "1"]

1. e4 c5 2. Nf3 Nc6 3. d4 cxd4 4. Nxd4 g6 5. Nc3 Bg7 6. Be3 Nf6 7. Bc4 0-0 8. Bb3 d6 9. f3 Bd7 10. Qd2 Nxd4 11. Bxd4 Bc6 12. 0-0-0 b5 13. Nd5 Bxd5 14. Bxd5 Nxd5 15. Bxg7 Kxg7 16. exd5 a5 17. Rhe1 b4 18. Re4 Qc7 19. h4 h5 20. g4 Rh8 21. Rde1 Rae8 22. Qd4+ Kg8 23. g5 Rh7 24. Qe3 Kf8 25. f4 Qb7 26. Qd3 Rh8 27. f5 gxf5 28. Rf4 e6 29. dxe6 fxe6 30. Qxd6+ Kf7 31. Rxf5+ Kg7 32. Qe5+ Kh7 33. Ref1 exf5 34. Qxf5+ Kg7 35. Qf6+ Kg8 36. Qg6+ Qg7 37. Qxe8+ Kh7 38. g6+ Qxg6 39. Rf7+ 1-0

[Event "LAT-ch (Women)"]
[Site "Riga"]
[Date "2020.08.29"]
[Round "8"]
[White "Gorozhankina, Julia"]
[Black "Golsta, Madara"]
[Result "1/2-1/2"]
[WhiteElo "2035"]
[BlackElo "1889"]
[PlyCount "90"]
[EventDate "2020.08.24"]
[EventType "swiss"]
[EventRounds "9"]
[EventCountry "LAT"]
[SourceTitle "CBM 198 Extra"]
[Source "ChessBase"]
[SourceDate "2020.11.30"]
[SourceVersion "1"]
[SourceVersionDate "2020.11.30"]
[SourceQuality "1"]

1. e4 c5 2. Nf3 Nc6 3. Bb5 g6 4. 0-0 Bg7 5. c3 Nf6 6. Re1 Qc7 7. h3 0-0 8. a4 a6 9. Bf1 b6 10. Na3 Bb7 11. d3 Rac8 12. Bg5 Rfd8 13. Rb1 e5 14. c4 d6 15. Qd2 Rf8 16. Nh2 Ne8 17. Bh6 f5 18. Bxg7 Qxg7 19. Nc2 a5 20. Be2 Nf6 21. Bf3 f4 22. g4 g5 23. Bg2 h5 24. f3 hxg4 25. hxg4 Qh6 26. Nf1 Rc7 27. Kf2 Bc8 28. Re2 Qh4+ 29. Kg1 Rh7 30. Qe1 Qh6 31. Nd2 Kg7 32. Rf2 Rfh8 33. Kf1 Kf8 34. Ke2 Ke8 35. Qg1 Qg6 36. Rbf1 Nd7 37. Kd1 Ndb8 38. Kc1 Na6 39. Nb1 Nab4 40. Nxb4 Nxb4 41. Rd2 Rh2 42. Nc3 Bd7 43. b3 Kd8 44. Na2 Nxa2+ 45. Rxa2 Kc7 1/2-1/2

[Event "LAT-ch (Women)"]
[Site "Riga"]
[Date "2019.05.02"]
[Round "4"]
[White "Gorozhankina, Julia"]
[Black "Rogule, Laura"]
[Result "0-1"]
[WhiteElo "2069"]
[BlackElo "2274"]
[PlyCount "94"]
[EventDate "2019.04.29"]
[EventType "swiss"]
[EventRounds "7"]
[EventCountry "LAT"]
[SourceTitle "CBM 190 Extra"]
[Source "ChessBase"]
[SourceDate "2019.07.15"]
[SourceVersion "1"]
[SourceVersionDate "2019.07.15"]
[SourceQuality "1"]

1. e4 c5 2. Nf3 Nc6 3. Bb5 g6 4. Bxc6 dxc6 5. h3 Bg7 6. d3 Nf6 7. Nc3 Nd7 8. Be3 e5 9. Qd2 Qe7 10. Bh6 f6 11. Bxg7 Qxg7 12. Nh2 Nf8 13. f4 Ne6 14. Ne2 Bd7 15. Nf3 exf4 16. Nxf4 0-0-0 17. Nxe6 Bxe6 18. Qc3 Qe7 19. 0-0-0 Rhf8 20. Rhe1 Qd6 21. e5 fxe5 22. Nxe5 Rf2 23. Rd2 Rxd2 24. Qxd2 Bd5 25. b3 Qf6 26. Kb1 Qh4 27. Ng4 Bxg2 28. Ne3 Bxh3 29. Rh1 Qg3 30. Nc4 h5 31. Qa5 Be6 32. Qxa7 Bxc4 33. bxc4 Qd6 34. Qa8+ Kc7 35. Qa5+ Kb8 36. Rg1 Rf8 37. Qd2 Qd4 38. Qe1 Qd6 39. Rg5 Rh8 40. Qg1 Rh6 41. Qe3 h4 42. Re5 Rh8 43. Re6 Qd4 44. Qh3 g5 45. Rg6 Re8 46. Qh1 Qc3 47. Qh2+ Ka7 0-1

[Event "Moscow op U26"]
[Site "Moscow"]
[Date "2012.01.28"]
[Round "1"]
[White "Dibirova, Umayganat"]
[Black "Gorozhankina, Julia"]
[Result "0-1"]
[WhiteElo "1879"]
[BlackElo "2129"]
[PlyCount "62"]
[EventDate "2012.01.28"]
[EventType "swiss"]
[EventRounds "9"]
[EventCountry "RUS"]
[SourceTitle "EXT 2013"]
[Source "ChessBase"]
[SourceDate "2012.11.22"]
[SourceVersion "1"]
[SourceVersionDate "2012.11.22"]
[SourceQuality "1"]

1. e4 c5 2. Nf3 Nc6 3. d4 cxd4 4. Nxd4 g6 5. Nc3 Bg7 6. Be3 Nf6 7. f3 0-0 8. Qd2 d5 9. exd5 Nxd5 10. Nxd5 Qxd5 11. Nxc6 Qxc6 12. c3 Bf5 13. Rd1 Qa4 14. g4 Be6 15. Bg2 Qa6 16. Kf2 Qxa2 17. Ra1 Qb3 18. Ra3 Qb5 19. Rxa7 Rad8 20. Qc2 Bb3 21. Qe4 Bd5 22. Qc2 Rd7 23. Rha1 Bb3 24. Qe4 Bd1 25. Rxd1 Rxd1 26. Rxb7 Qa6 27. Rxe7 Bf6 28. f4 Bh4+ 29. Kf3 Rf1+ 30. Bf2 Rxf2+ 31. Ke3 Re2+ 0-1

[Event "Chigorin Memorial 19th"]
[Site "St Petersburg"]
[Date "2011.10.22"]
[Round "9"]
[White "Lisitsin, Boris"]
[Black "Gorozhankina, Julia"]
[Result "0-1"]
[WhiteElo "1977"]
[BlackElo "2140"]
[PlyCount "138"]
[EventDate "2011.10.14"]
[EventType "swiss"]
[EventRounds "9"]
[EventCountry "RUS"]
[SourceTitle "CBM 144 Extra"]
[Source "ChessBase"]
[SourceDate "2011.10.28"]
[SourceVersion "1"]
[SourceVersionDate "2011.10.28"]
[SourceQuality "1"]

1. Nc3 d5 2. e3 Nf6 3. f4 c5 4. Nf3 Nc6 5. Bb5 Bd7 6. b3 a6 7. Bxc6 Bxc6 8. Ne5 d4 9. Nxc6 bxc6 10. Na4 e6 11. Qf3 Qd5 12. Qe2 Ra7 13. Nb6 Qd8 14. Nc4 Be7 15. e4 0-0 16. d3 Nd7 17. Bd2 Qb8 18. 0-0 e5 19. f5 Bd8 20. Rf3 Nb6 21. Na5 Qd6 22. Raf1 Re8 23. Kh1 Be7 24. Rh3 g6 25. Qg4 Bf6 26. Bh6 Nd7 27. Rhf3 Rc7 28. h4 Kh8 29. fxg6 fxg6 30. g3 Kg8 31. h5 Qe6 32. Rf5 Kf7 33. Rxf6+ Nxf6 34. Qf3 Ke7 35. Bg5 Rf8 36. Kg2 Rf7 37. Nc4 Rc8 38. Qf2 gxh5 39. Qd2 Rg8 40. Bh4 Rg4 41. Qa5 Rxh4 42. Qxc5+ Kd8 43. Qd6+ Qxd6 44. Nxd6 Rd7 45. Rxf6 Rg4 46. Nf5 Rg6 47. Rf8+ Kc7 48. Re8 Rg5 49. Kh3 Kb6 50. Rxe5 Rg6 51. Kh4 c5 52. Ne7 Rg4+ 53. Kh3 Kb5 54. Nd5 Rdg7 55. a4+ Ka5 56. Nf4 Rxg3+ 57. Kh2 Kb4 58. Rxh5 R3g5 59. Rh6 Kc3 60. Rxa6 Kxc2 61. Rf6 Kxb3 62. a5 c4 63. dxc4 Kxc4 64. a6 Re5 65. a7 Rxa7 66. Kg3 Rxe4 67. Rc6+ Kb5 68. Rc1 Rg7+ 69. Kf3 Re3+ 0-1

[Event "Chigorin Memorial 19th"]
[Site "St Petersburg"]
[Date "2011.10.19"]
[Round "6"]
[White "Andreeva, Yuliya"]
[Black "Gorozhankina, Julia"]
[Result "1-0"]
[WhiteElo "1940"]
[BlackElo "2140"]
[PlyCount "63"]
[EventDate "2011.10.14"]
[EventType "swiss"]
[EventRounds "9"]
[EventCountry "RUS"]
[SourceTitle "CBM 144 Extra"]
[Source "ChessBase"]
[SourceDate "2011.10.28"]
[SourceVersion "1"]
[SourceVersionDate "2011.10.28"]
[SourceQuality "1"]

1. d4 Nf6 2. c4 e6 3. Nf3 b6 4. e3 Bb7 5. Be2 Be7 6. 0-0 0-0 7. b3 Ne4 8. Bb2 d6 9. Qc2 Nd7 10. Nbd2 f5 11. Rad1 Qe8 12. Nb1 Qg6 13. d5 Ndf6 14. Nd4 exd5 15. f3 Nc5 16. b4 Ncd7 17. Nxf5 Bd8 18. cxd5 Qe8 19. e4 g6 20. Nd4 Rf7 21. Ne6 Nf8 22. Bc4 Bc8 23. Nxf8 Kxf8 24. Nd2 a6 25. Rde1 Nh5 26. e5 dxe5 27. d6 cxd6 28. Bxf7 Kxf7 29. f4 Kg8 30. fxe5 d5 31. e6 Bxe6 32. Qc3 1-0

[Event "Moscow op-F (Women)"]
[Site "Moscow"]
[Date "2011.01.31"]
[Round "3"]
[White "Gorozhankina, Julia"]
[Black "Maidanova, Irina"]
[Result "1-0"]
[WhiteElo "2088"]
[BlackElo "1871"]
[PlyCount "39"]
[EventDate "2011.01.29"]
[EventType "swiss"]
[EventRounds "9"]
[EventCountry "RUS"]
[SourceTitle "CBM 140 Extra"]
[Source "ChessBase"]
[SourceDate "2011.03.01"]
[SourceVersion "1"]
[SourceVersionDate "2011.03.01"]
[SourceQuality "1"]

1. d4 d5 2. c4 e6 3. Nf3 Be7 4. Nc3 Nf6 5. cxd5 exd5 6. Bg5 c6 7. Qc2 0-0 8. e3 Re8 9. Bd3 Nbd7 10. 0-0 Ne4 11. Bf4 Nxc3 12. Bxh7+ Kh8 13. bxc3 g6 14. Bxg6 fxg6 15. Qxg6 Rf8 16. Qh5+ Kg8 17. Bh6 Rf7 18. Qg6+ Kh8 19. Qxf7 Bf6 20. Nh4 1-0

[Event "Wch U18 Girls"]
[Site "Porto Carras"]
[Date "2010.10.22"]
[Round "3"]
[White "Warakomska, Anna"]
[Black "Gorozhankina, Julia"]
[Result "1-0"]
[WhiteElo "2188"]
[BlackElo "2069"]
[PlyCount "115"]
[EventDate "2010.10.20"]
[EventType "swiss"]
[EventRounds "11"]
[EventCountry "GRE"]
[SourceTitle "EXT 2011"]
[Source "ChessBase"]
[SourceDate "2010.11.26"]
[SourceVersion "1"]
[SourceVersionDate "2010.11.26"]
[SourceQuality "1"]

1. e4 e6 2. d4 d5 3. Nc3 Nf6 4. e5 Nfd7 5. f4 c5 6. Nf3 Nc6 7. Be3 cxd4 8. Nxd4 Bc5 9. Qd2 0-0 10. 0-0-0 a6 11. Qf2 Nxd4 12. Bxd4 b6 13. Bd3 f6 14. Qh4 g6 15. Ne2 Qc7 16. exf6 Bxd4 17. Nxd4 Nxf6 18. Rhe1 Nh5 19. g3 Ng7 20. Re5 Qd6 21. Rde1 Ra7 22. Qh6 Nf5 23. Bxf5 exf5 24. Qh3 Qc5 25. c3 Qc4 26. Kb1 b5 27. Qg2 Rd7 28. Qd2 Bb7 29. Qe3 b4 30. Re8 Rdf7 31. Rxf8+ Rxf8 32. cxb4 Bc8 33. a3 Qc7 34. Rc1 Qd7 35. Nf3 Bb7 36. Ne5 Qe6 37. Rc7 d4 38. Qxd4 Bd5 39. Kc1 Rc8 40. Rxc8+ Qxc8+ 41. Qc5 Qa8 42. Qc7 Bb3 43. Nc6 Qe8 44. Qb8 Qxb8 45. Nxb8 Bc4 46. Nd7 Bb5 47. Nc5 Kf7 48. a4 Bf1 49. Kd2 Ke7 50. Ke1 Bc4 51. b3 Bd5 52. Kd2 Kd6 53. Nxa6 Bxb3 54. Nc5 Bd5 55. Kc3 Kc6 56. Kd4 Kd6 57. b5 h6 58. a5 1-0

[Event "EU-ch U18 Girls"]
[Site "Batumi"]
[Date "2010.09.24"]
[Round "6"]
[White "Guliyeva, Sabina Ilqar"]
[Black "Gorozhankina, Julia"]
[Result "0-1"]
[WhiteElo "2010"]
[BlackElo "2069"]
[PlyCount "64"]
[EventDate "2010.09.20"]
[EventType "swiss"]
[EventRounds "9"]
[EventCountry "GEO"]
[SourceTitle "CBM 138 Extra"]
[Source "ChessBase"]
[SourceDate "2010.10.29"]
[SourceVersion "1"]
[SourceVersionDate "2010.10.29"]
[SourceQuality "1"]

1. e4 e6 2. d4 d5 3. Nc3 Bb4 4. e5 Bf8 5. Qg4 b6 6. Nf3 Ne7 7. Bg5 Ba6 8. Bxa6 Nxa6 9. 0-0 Nb4 10. a3 Nbc6 11. Ne2 h6 12. Bxe7 Nxe7 13. Nf4 g6 14. h4 Qd7 15. Rac1 Nf5 16. c4 h5 17. Qh3 Bh6 18. Ng5 Bxg5 19. hxg5 c6 20. cxd5 cxd5 21. Rfd1 Qe7 22. Qc3 0-0 23. Nh3 Qd7 24. Qf3 Rac8 25. Rxc8 Rxc8 26. g4 hxg4 27. Qxg4 Qb5 28. b4 Rc3 29. Nf4 Qc4 30. Kg2 Rc1 31. Rd3 Nxd4 32. Rh3 Nf5 0-1

[Event "Nabereznye Chelny op 8th"]
[Site "Nabereznye Chelny"]
[Date "2010.01.26"]
[Round "8"]
[White "Bronnikov, Konstantin Alexandr"]
[Black "Gorozhankina, Julia"]
[Result "1/2-1/2"]
[WhiteElo "2227"]
[BlackElo "2022"]
[PlyCount "85"]
[EventDate "2010.01.19"]
[EventType "swiss"]
[EventRounds "9"]
[EventCountry "RUS"]
[SourceTitle "CBM 134 Extra"]
[Source "ChessBase"]
[SourceDate "2010.03.03"]
[SourceVersion "1"]
[SourceVersionDate "2010.03.03"]
[SourceQuality "1"]

1. e4 c5 2. Nf3 Nc6 3. d4 cxd4 4. Nxd4 g6 5. c4 Bg7 6. Be3 Nf6 7. Nc3 d6 8. Be2 0-0 9. 0-0 Bd7 10. Rc1 Nxd4 11. Bxd4 Be6 12. Qd3 a5 13. Nd5 Nd7 14. Bxg7 Kxg7 15. Qd4+ Kg8 16. f4 a4 17. f5 Bxd5 18. exd5 Qb6 19. Qxb6 Nxb6 20. Bg4 Rad8 21. Rfe1 Rfe8 22. fxg6 hxg6 23. Re3 f5 24. Bf3 Rc8 25. b3 axb3 26. axb3 Rc7 27. h4 Nd7 28. Rec3 Rec8 29. Kf2 b5 30. g4 Ne5 31. gxf5 bxc4 32. Be2 Rf8 33. Bxc4 Rxf5+ 34. Kg3 Kg7 35. Be2 Rxc3+ 36. Rxc3 Nf7 37. Rc7 Kf6 38. Bf3 Ne5 39. Bg2 g5 40. hxg5+ Rxg5+ 41. Kh3 Rh5+ 42. Kg3 Rg5+ 43. Kh3 1/2-1/2

[Event "Nabereznye Chelny op 8th"]
[Site "Nabereznye Chelny"]
[Date "2010.01.24"]
[Round "6"]
[White "Gorozhankina, Julia"]
[Black "Sadykov, Aidar"]
[Result "1/2-1/2"]
[WhiteElo "2022"]
[BlackElo "2267"]
[PlyCount "106"]
[EventDate "2010.01.19"]
[EventType "swiss"]
[EventRounds "9"]
[EventCountry "RUS"]
[SourceTitle "CBM 134 Extra"]
[Source "ChessBase"]
[SourceDate "2010.03.03"]
[SourceVersion "1"]
[SourceVersionDate "2010.03.03"]
[SourceQuality "1"]

1. Nf3 Nf6 2. d4 e6 3. c4 b6 4. g3 Ba6 5. Qc2 c5 6. d5 exd5 7. cxd5 g6 8. Nc3 d6 9. Bf4 Bg7 10. Bg2 0-0 11. 0-0 b5 12. Rad1 b4 13. Nb1 Re8 14. Rfe1 Nh5 15. Bg5 Qa5 16. a3 Nd7 17. axb4 cxb4 18. Be3 Rac8 19. Qd2 Bc4 20. Nd4 Bxd5 21. Bxd5 Qxd5 22. Qxb4 Rc4 23. Qb5 Nhf6 24. Nc3 Qc5 25. Qxc5 dxc5 26. Nc6 Ne5 27. Nxa7 Rb4 28. Bxc5 Rxb2 29. Nab5 Rb3 30. Rb1 Rxb1 31. Rxb1 Ned7 32. Bd4 Ne4 33. Bxg7 Kxg7 34. Nxe4 Rxe4 35. e3 h5 36. Kg2 Ra4 37. Nd4 Ra2 38. Rc1 Ne5 39. Rc2 Ra1 40. h3 Ra4 41. f4 Nd3 42. Rd2 Nc5 43. g4 hxg4 44. hxg4 Ra3 45. Re2 Nb3 46. Nb5 Ra5 47. Nd6 Rd5 48. Ne4 f5 49. gxf5 gxf5 50. Ng5 Rd2 51. Rxd2 Nxd2 52. Kf2 Kf6 53. Ke2 Nc4 1/2-1/2

[Event "Nabereznye Chelny op 8th"]
[Site "Nabereznye Chelny"]
[Date "2010.01.22"]
[Round "4"]
[White "Gorozhankina, Julia"]
[Black "Pasiev, Rakhim"]
[Result "0-1"]
[WhiteElo "2022"]
[BlackElo "2282"]
[PlyCount "100"]
[EventDate "2010.01.19"]
[EventType "swiss"]
[EventRounds "9"]
[EventCountry "RUS"]
[SourceTitle "CBM 134 Extra"]
[Source "ChessBase"]
[SourceDate "2010.03.03"]
[SourceVersion "1"]
[SourceVersionDate "2010.03.03"]
[SourceQuality "1"]

1. e4 c5 2. Nf3 g6 3. d4 cxd4 4. Qxd4 Nf6 5. e5 Nc6 6. Qa4 Nd5 7. Qe4 Nc7 8. Nc3 Bg7 9. Bc4 b5 10. Bb3 b4 11. Ne2 Bb7 12. Bf4 Ne6 13. Bg3 Qb6 14. Qe3 Qxe3 15. fxe3 h5 16. h3 Bh6 17. Nf4 Nc5 18. Ke2 e6 19. Nd3 Ne4 20. Bh2 a5 21. Ba4 Ne7 22. Rhe1 Nd5 23. Bg1 Ndc3+ 24. bxc3 Nxc3+ 25. Kd2 Nxa4 26. a3 bxa3 27. Rxa3 Bc6 28. Rb1 Bf8 29. Rab3 Bc5 30. Bf2 0-0 31. Bh4 Bd5 32. Rb5 Rfc8 33. Ra1 Nc3 34. Rbxa5 Ne4+ 35. Kd1 Rxa5 36. Rxa5 Bxe3 37. Nb4 Nc3+ 38. Ke1 Rb8 39. Be7 Be4 40. Ra3 Rc8 41. Kf1 Bf4 42. Bf6 Nd5 43. Nxd5 Bxd5 44. Nd4 d6 45. exd6 Bxd6 46. Ra1 e5 47. Nf3 Rxc2 48. Nxe5 Bxe5 49. Bxe5 Bxg2+ 50. Kg1 Bxh3 0-1

[Event "Privolzhskogo FO-ch (Women)"]
[Site "Izhevsk"]
[Date "2010.01.07"]
[Round "6"]
[White "Makarenko, Alexandra"]
[Black "Gorozhankina, Julia"]
[Result "0-1"]
[WhiteElo "1905"]
[BlackElo "2022"]
[PlyCount "126"]
[EventDate "2010.01.04"]
[EventType "swiss"]
[EventRounds "9"]
[EventCountry "RUS"]
[SourceTitle "CBM 134 Extra"]
[Source "ChessBase"]
[SourceDate "2010.03.03"]
[SourceVersion "1"]
[SourceVersionDate "2010.03.03"]
[SourceQuality "1"]

1. e4 c5 2. Nf3 Nc6 3. d4 cxd4 4. Nxd4 g6 5. c4 Bg7 6. Nc2 d6 7. Be2 f5 8. exf5 Bxf5 9. 0-0 Nh6 10. Nc3 0-0 11. Bd2 Qd7 12. Ne3 Be6 13. Rc1 Rf7 14. Bf3 Ne5 15. Bd5 Nf5 16. Bxe6 Qxe6 17. Nxf5 Qxf5 18. Qe2 Qd3 19. b3 Raf8 20. Rcd1 Qxe2 21. Nxe2 Ng4 22. f3 Ne5 23. Be3 a6 24. Nd4 Rc8 25. Ne6 Bf6 26. Rd2 Nd7 27. Rd5 Bh8 28. Re1 Nf8 29. Ng5 Rf5 30. Red1 Rxd5 31. Rxd5 Nd7 32. Ne4 Nf6 33. Nxf6+ Bxf6 34. Kf2 Kf7 35. Ke2 Ke6 36. Kd3 Rc6 37. Ke4 Rc8 38. g3 Kf7 39. h4 h5 40. Bf2 Kg7 41. a4 Kf7 42. a5 Rc6 43. Be3 Bc3 44. g4 e6 45. Rd1 Bxa5 46. gxh5 gxh5 47. Rg1 Bd8 48. Bf2 Bf6 49. Rd1 b5 50. cxb5 axb5 51. Be1 d5+ 52. Kd3 Kg6 53. Ke2 Rc2+ 54. Kd3 Rb2 55. b4 Rh2 56. Bg3 Rh3 57. Rg1 Kf5 58. Ke2 Bxh4 59. Bd6 Bg5 60. Ra1 Bf4 61. Bc5 Rh2+ 62. Kd3 Rd2+ 63. Kc3 Be5+ 0-1

[Event "Wch U16 Girls"]
[Site "Kemer"]
[Date "2009.11.16"]
[Round "6"]
[White "Gorozhankina, Julia"]
[Black "Butuc, Maria"]
[Result "1/2-1/2"]
[WhiteElo "2053"]
[BlackElo "2204"]
[PlyCount "26"]
[EventDate "2009.11.12"]
[EventType "swiss"]
[EventRounds "11"]
[EventCountry "TUR"]
[SourceTitle "EXT 2010"]
[Source "ChessBase"]
[SourceDate "2010.11.25"]
[SourceVersion "1"]
[SourceVersionDate "2010.11.25"]
[SourceQuality "1"]

1. e4 c6 2. d4 d5 3. exd5 cxd5 4. c4 Nf6 5. Nc3 e6 6. Nf3 Bb4 7. cxd5 Nxd5 8. Bd2 Nc6 9. Bd3 Be7 10. 0-0 0-0 11. Ne1 Nf6 12. Bg5 Nd5 13. Bxe7 Ncxe7 1/2-1/2

[Event "Wch U16 Girls"]
[Site "Kemer"]
[Date "2009.11.16"]
[Round "5"]
[White "Kaplan, Ebru"]
[Black "Gorozhankina, Julia"]
[Result "0-1"]
[WhiteElo "1784"]
[BlackElo "2053"]
[PlyCount "52"]
[EventDate "2009.11.12"]
[EventType "swiss"]
[EventRounds "11"]
[EventCountry "TUR"]
[SourceTitle "EXT 2010"]
[Source "ChessBase"]
[SourceDate "2010.11.25"]
[SourceVersion "1"]
[SourceVersionDate "2010.11.25"]
[SourceQuality "1"]

1. d4 Nf6 2. c4 g6 3. Nc3 d5 4. cxd5 Nxd5 5. e4 Nxc3 6. bxc3 Bg7 7. Bc4 c5 8. Ne2 0-0 9. 0-0 Nc6 10. Be3 Bd7 11. dxc5 Qc8 12. Nd4 Ne5 13. Bd5 Ng4 14. Qb3 Rb8 15. Qa3 Qc7 16. g3 Nxe3 17. fxe3 e6 18. Bb3 Qe5 19. c6 Bxc6 20. Nxc6 bxc6 21. Qxa7 Qxe4 22. Rf4 Qe5 23. Rc4 Bh6 24. Re1 Rbd8 25. Rxc6 Rd2 26. Rc4 Qh5 0-1

[Event "Wch U16 Girls"]
[Site "Kemer"]
[Date "2009.11.15"]
[Round "4"]
[White "Gorozhankina, Julia"]
[Black "Dizdarevic, Barbara"]
[Result "1-0"]
[WhiteElo "2053"]
[BlackElo "1869"]
[PlyCount "82"]
[EventDate "2009.11.12"]
[EventType "swiss"]
[EventRounds "11"]
[EventCountry "TUR"]
[SourceTitle "EXT 2010"]
[Source "ChessBase"]
[SourceDate "2010.11.25"]
[SourceVersion "1"]
[SourceVersionDate "2010.11.25"]
[SourceQuality "1"]

1. e4 c5 2. Nf3 Nc6 3. Bb5 g6 4. Bxc6 dxc6 5. d3 Bg7 6. Nc3 Qc7 7. 0-0 Nf6 8. Be3 b6 9. h3 Ba6 10. Qe2 0-0 11. a3 Nd7 12. Rab1 Rad8 13. Nd1 Nf6 14. Nd2 e5 15. b4 cxb4 16. axb4 Rd7 17. Nc3 Nh5 18. Ra1 Bc8 19. Nf3 f5 20. Ra3 f4 21. Bc1 Bf6 22. b5 cxb5 23. Nd5 Qd8 24. Bb2 Re8 25. Rb3 a6 26. c4 bxc4 27. dxc4 Re6 28. Bc3 Bg7 29. Rfb1 b5 30. cxb5 axb5 31. Qxb5 Rb7 32. Qc4 Rxb3 33. Qxb3 h6 34. Qb8 Nf6 35. Ba5 Qf8 36. Rc1 Re8 37. Rxc8 Rxc8 38. Qxc8 Qxc8 39. Ne7+ Kf7 40. Nxc8 Nxe4 41. Nd2 Nf6 1-0